000 00505nam a2200133Ia 4500
008 200910s9999 xx 000 0 und d
020 _a978-113-83-5268-1
100 _aJohnson, Kristin
245 _cKristin Johnson, Shalon Roth
_aHow to succeed in a PR agency:
_breal talk to grow your career and become indispensable/
260 _aQuezon City:
_bC and E Publishing, Inc.
_c2019
300 _axiv, 146 pages
_c22 cm.
650 _aPublic relations -- vocational guidance
650 _apublic relations firm
999 _c364172
_d364172